Harry Potter and the Prisoner of Azkaban (Record no. 284293)

MARC details
000 -LEADER
fixed length control field 00390nam a2200157Ia 4500
005 - DATE AND TIME OF LATEST TRANSACTION
control field 20241105095446.0
008 - FIXED-LENGTH DATA ELEMENTS--GENERAL INFORMATION
fixed length control field 240126s9999 xx 000 0 und d
020 ## - INTERNATIONAL STANDARD BOOK NUMBER
International Standard Book Number 9781408855676
082 ## - DEWEY DECIMAL CLASSIFICATION NUMBER
Classification number 823.92 ROW;1 R
100 ## - MAIN ENTRY--PERSONAL NAME
Personal name Rowling, J K.
245 #0 - TITLE STATEMENT
Title Harry Potter and the Prisoner of Azkaban
260 ## - PUBLICATION, DISTRIBUTION, ETC. (IMPRINT)
Name of publisher, distributor, etc. Bloomsburu
Place of publication, distribution, etc. London
Date of publication, distribution, etc. 2014
300 ## - PHYSICAL DESCRIPTION
Extent 461
440 ## - SERIES STATEMENT/ADDED ENTRY--TITLE
Title NULL
942 ## - ADDED ENTRY ELEMENTS (KOHA)
Koha item type PESU Books
Holdings
Date last seen Total Checkouts Full call number Accession number Old discount Volume/Issue Number Date checked out Cost, replacement price Price effective from Category Lost status Damaged status Department Withdrawn status bill no. Permanent Location Current Location Shelving location Entry date Vendor Cost, normal purchase price Grants Currency symbol Conversion rate Discount Discount type
25/02/2025 3 823.92 ROW;1 R PU8614 20 (06/07/1905) 21/02/2025 399.20 26/01/2024 PESU Books     Central Library   IN2752 Central Library Central Library Central Library 23/03/2018 Sunrise 499.00 GEN RS 1 99.8 Rupees

© For any Suggestions or Query, please contact the library staff @ librarian@pes.edu or Phone: +9180 2672 1983/ 2108.